000 01230 a2200277 4500
999 _c10405
_d10405
020 _a9780521872843 (hardback)
020 _a9780521694438 (pbk.)
050 0 0 _aQH332. CAM 2008
100 _aSinger, Peter A.,
_d1960-
_eeditor in chief
245 0 4 _aThe Cambridge textbook of bioethics /
_ceditor-in-chief, Peter A. Singer, executive editor, A.M. Viens.
264 _aSt. Louis :
_bCambridge university press,
_c ♭2017.
300 _axvi, 538 p. :
_billustrations. ;
500 _aIncludes bibliographical references and index.
504 _aIncludes bibliographical references and index.
650 0 _aBioethics.
650 1 2 _aBioethical Issues.
650 2 2 _aBioethics.
650 2 2 _aEthics, Medical.
700 1 _aSinger, Peter A.,
_d1960-
700 1 _aViens, A. M.
_q(Adrian M.)
856 4 2 _3Contributor biographical information
_uhttp://www.loc.gov/catdir/enhancements/fy0834/2008297903-b.html
856 4 2 _3Publisher description
_uhttp://www.loc.gov/catdir/enhancements/fy0834/2008297903-d.html
856 4 1 _3Table of contents only
_uhttp://www.loc.gov/catdir/enhancements/fy0834/2008297903-t.html
942 _2lcc
_cBK
_h332
_iCAM
_kQH